The importance of non-verbal communicationin cross-cultural contacts; Коммуникативные аспекты языка и культуры; Ч. 1

গ্রন্থ-পঞ্জীর বিবরন
Parent link:Коммуникативные аспекты языка и культуры: сборник материалов XII Международной научно-практической конференции студентов и молодых ученых, г. Томск, 16-18 мая 2012 г./ Национальный исследовательский Томский политехнический университет (ТПУ), Институт международного образования и языковой коммуникации (ИМОЯК) ; под ред. С. А. Песоцкой.— , 2012
Ч. 1.— 2012.— [С. 103-105]
প্রধান লেখক: Chernaya A. A.
অন্যান্য লেখক: Nikitin M. A. (научный руководитель), Suntsova E. N. Evgeniya Nikolaevna
সংক্ষিপ্ত:Заглавие с титульного листа.
Электронная версия печатной публикации.
ভাষা:ইংরেজি
প্রকাশিত: 2012
মালা:Внутрикультурная коммуникация в эпоху информационного общества: социально-философский и образовательный аспекты
বিষয়গুলি:
অনলাইন ব্যবহার করুন:http://www.lib.tpu.ru/fulltext/c/2012/C77/V1/022.pdf
বিন্যাস: বৈদ্যুতিক গ্রন্থের অধ্যায়
KOHA link:https://koha.lib.tpu.ru/cgi-bin/koha/opac-detail.pl?biblionumber=607950

MARC

LEADER 00000naa2a2200000 4500
001 607950
005 20260316142609.0
035 |a (RuTPU)RU\TPU\conf\5356 
035 |a RU\TPU\conf\5342 
090 |a 607950 
100 |a 20140906d2012 k||y0rusy50 ba 
101 0 |a eng 
102 |a RU 
135 |a drcn ---uucaa 
181 0 |a i  
182 0 |a b 
200 1 |a The importance of non-verbal communicationin cross-cultural contacts  |f A. A. Chernaya, M. A. Nikitin  |g sci. adv. E. N. Suntsova 
203 |a Текст  |c электронный 
215 |a 1 файл (103 Кб) 
225 1 |a Внутрикультурная коммуникация в эпоху информационного общества: социально-философский и образовательный аспекты 
300 |a Заглавие с титульного листа. 
300 |a Электронная версия печатной публикации. 
320 |a [Библиогр.: с. 105 (5 назв.)] 
337 |a Adobe Reader 
461 1 |0 (RuTPU)RU\TPU\conf\4597  |t Коммуникативные аспекты языка и культуры  |o сборник материалов XII Международной научно-практической конференции студентов и молодых ученых, г. Томск, 16-18 мая 2012 г.  |o в 3 ч.  |f Национальный исследовательский Томский политехнический университет (ТПУ), Институт международного образования и языковой коммуникации (ИМОЯК) ; под ред. С. А. Песоцкой  |d 2012 
463 0 |0 (RuTPU)RU\TPU\conf\4599  |t Ч. 1  |v [С. 103-105]  |d 2012 
610 1 |a электронный ресурс 
610 1 |a труды учёных ТПУ 
610 1 |a невербальная коммуникация 
610 1 |a кросс-культурные контакты 
610 1 |a межкультурные коммуникации 
610 1 |a культура 
610 1 |a язык 
700 1 |a Chernaya  |b A. A. 
701 1 |a Nikitin  |b M. A. 
702 1 |a Suntsova  |b E. N.  |c linguist  |c Associate Professor of Tomsk Polytechnic University, Candidate of pedagogical sciences  |f 1975-  |g Evgeniya Nikolaevna  |4 727 
801 1 |a RU  |b 63413507  |c 20140902 
801 2 |a RU  |b 63413507  |c 20160217  |g RCR 
856 4 |u http://www.lib.tpu.ru/fulltext/c/2012/C77/V1/022.pdf 
942 |c BK